Capital Cities beginning "MA" - Statistics

General Stats
  • This quiz has been taken 74 times
  • The average score is 6 of 9
Answer Stats
Hint Answer % Correct
1 Madrid
82%
6 Manama
78%
8 Maputo
78%
5 Managua
73%
7 Manila
70%
4 Male
67%
9 Maseru
62%
3 Malabo
60%
2 Majuro
58%
No matching quizzes found
Score Distribution
Percent of People with Each Score
Percentile by Number Answered
Your Score History
You have not taken this quiz